00220 a2200109 4500001000700000020000600007040001100013100002800024240002700052245002200079362000900101166469 a  cMagnum aBastos, Cleverson Leite10aAprendendo logicalpor10aAprendendo logica0 a1899